00698cam a22002293a 45000010005000000030006000050050017000110080041000280400015000690420007000840500010000911000029001012450087001302600029002175060030002465160020002766530046002966530023003426530034003658300028003998560041004279813PGUSA20140828083216.0060201s2006||||xxu|||||s|||||000 | eng d aPGUSAbeng adc 4aF19001 aSchoenrich, Otto,d1876-10aSanto Domingo :bA Country with a Futureh[electronic resource] /cOtto Schoenrich bProject Gutenberg,c2006 aPublic domain in the USA. aElectronic text aDominican Republic -- Economic conditions aDominican Republic aDominican Republic -- History 0aProject Gutenbergv981340uhttp://www.gutenberg.org/ebooks/9813